Poles apart (Record no. 68045)
[ view plain ]
| 000 -LEADER | |
|---|---|
| fixed length control field | 00974cam a2200229 4500 |
| 001 - CONTROL NUMBER | |
| control field | ABS64422 |
| 008 - FIXED-LENGTH DATA ELEMENTS--GENERAL INFORMATION | |
| fixed length control field | 010821n2001 000 0 eng u |
| 035 ## - SYSTEM CONTROL NUMBER | |
| System control number | (Sirsi) u114228 |
| 100 ## - MAIN ENTRY--PERSONAL NAME | |
| Personal name | Samuels, A |
| 245 ## - TITLE STATEMENT | |
| Title | Poles apart |
| 260 ## - PUBLICATION, DISTRIBUTION, ETC. | |
| Date of publication, distribution, etc. | 2001 |
| 490 ## - SERIES STATEMENT | |
| Series statement | Solicitors' Journal |
| Volume/sequential designation | 145(30) 3 August 2001, 722-723(2) |
| 520 ## - SUMMARY, ETC. | |
| Summary, etc. | Considers the planning aspects and other related issues over the siting of telecommunications masts, looking at advantages, disadvantages, law and practice, height, health and impact of value. Further research into phone masts is continuing under a committee drawn from government and the industry and chaired by Sir William Stewart. Information can be found at http://www.doh.gov.uk/mobilephones |
| 590 ## - LOCAL NOTE (RLIN) | |
| Local note | ABS |
| 650 ## - SUBJECT ADDED ENTRY--TOPICAL TERM | |
| Topical term or geographic name entry element | TELECOMMUNICATIONS |
| 650 ## - SUBJECT ADDED ENTRY--TOPICAL TERM | |
| Topical term or geographic name entry element | MOBILE PHONE MASTS |
| 650 ## - SUBJECT ADDED ENTRY--TOPICAL TERM | |
| Topical term or geographic name entry element | HEALTH ISSUES |
| 650 ## - SUBJECT ADDED ENTRY--TOPICAL TERM | |
| Topical term or geographic name entry element | PLANNING ISSUES |
| 650 ## - SUBJECT ADDED ENTRY--TOPICAL TERM | |
| Topical term or geographic name entry element | PLANNING PERMISSION |
| 690 ## - LOCAL SUBJECT ADDED ENTRY--TOPICAL TERM (OCLC, RLIN) | |
| Topical term or geographic name as entry element | Planning and development |
| 9 (RLIN) | 6259 |
| 942 ## - ADDED ENTRY ELEMENTS (KOHA) | |
| Suppress in OPAC | 0 |
| Withdrawn status | Lost status | Source of classification or shelving scheme | Damaged status | Not for loan | Home library | Current library | Shelving location | Date acquired | Total Checkouts | Full call number | Barcode | Date last seen | Copy number | Price effective from | Koha item type |
|---|---|---|---|---|---|---|---|---|---|---|---|---|---|---|---|
| Dewey Decimal Classification | London | London | Journal article | 21/08/2001 | ABS64422 | 114228-1001 | 06/08/2019 | 1 | 06/08/2019 | Journal article |